[Event "SR 2. liga A 2009/2010"]
[Site "?"]
[Date "2010.01.10"]
[Round "7.1"]
[White "Tibensky, Robert"]
[Black "Varga, David"]
[Result "1/2-1/2"]
[WhiteElo "2401"]
[BlackElo "2280"]
[PlyCount "33"]
[EventDate "2009.??.??"]
[WhiteTeam "Slovakia"]
[BlackTeam "II"]
[WhiteTeamCountry "SVK"]
[BlackTeamCountry "SVK"]

1. d4 Nf6 2. Nf3 g6 3. c4 Bg7 4. g3 O-O 5. Bg2 d6 6. O-O Nc6 7. Nc3 a6 8. d5
Na5 9. b3 c5 10. dxc6 Nxc6 11. Bb2 Rb8 12. Nd5 Nxd5 13. Bxg7 Ne3 14. Qc1 Nxf1
15. Qh6 f6 16. Bxf8 Qxf8 17. Qxf8+ 1/2-1/2

[Event "SR 2. liga A 2009/2010"]
[Site "?"]
[Date "2010.01.10"]
[Round "7.2"]
[White "Janos, Martin"]
[Black "Hrivnak, Martin"]
[Result "1-0"]
[WhiteElo "2192"]
[BlackElo "2208"]
[PlyCount "85"]
[EventDate "2009.??.??"]
[WhiteTeam "Slovakia"]
[BlackTeam "II"]
[WhiteTeamCountry "SVK"]
[BlackTeamCountry "SVK"]

1. c4 e5 2. g3 Nc6 3. Bg2 Bc5 4. Nc3 a6 5. b3 d6 6. Bb2 Bg4 7. Nf3 Nge7 8. h3
Bf5 9. O-O Ng6 10. e3 Bd3 11. Re1 O-O 12. a3 e4 13. Nh2 f5 14. b4 Ba7 15. Rc1
Nge5 16. c5 dxc5 17. bxc5 Nc4 18. Na4 b5 19. cxb6 cxb6 20. Ba1 b5 21. Nb2 Nxb2
22. Bxb2 Na5 23. Bc3 Nc4 24. f4 a5 25. g4 Qd5 26. gxf5 Qxf5 27. Kh1 Rab8 28.
Rg1 Rf7 29. Ng4 Kf8 30. Nf2 b4 31. axb4 axb4 32. Nxd3 exd3 33. Bxg7+ Rxg7 34.
Rxc4 b3 35. Kh2 Qb5 36. Rc3 b2 37. Qb1 Rd7 38. Bc6 Qf5 39. Bxd7 Qxd7 40. Rxd3
Qb5 41. Rd6 Qe2+ 42. Rg2 Qh5 43. Rf6+ 1-0

[Event "SR 2. liga A 2009/2010"]
[Site "?"]
[Date "2010.01.10"]
[Round "7.2"]
[White "Mihalik, Marek"]
[Black "Plachetka, Jan"]
[Result "0-1"]
[WhiteElo "2090"]
[BlackElo "2379"]
[PlyCount "56"]
[EventDate "2009.??.??"]
[WhiteTeam "Slovakia"]
[BlackTeam "II"]
[WhiteTeamCountry "SVK"]
[BlackTeamCountry "SVK"]

1. d4 Nf6 2. c4 c5 3. d5 b5 4. cxb5 a6 5. bxa6 g6 6. Nc3 Bxa6 7. e4 Bxf1 8.
Kxf1 d6 9. g3 Bg7 10. Kg2 O-O 11. Nge2 Nbd7 12. Bg5 Qa5 13. Qd2 Rfb8 14. Bh6
Bxh6 15. Qxh6 Rxb2 16. h4 Ne5 17. h5 Qa6 18. hxg6 fxg6 19. Rh4 Rxe2 20. Nxe2
Qxe2 21. a4 Qf3+ 22. Kg1 Qc3 23. Rc1 Nf3+ 24. Kh1 Qb2 25. Rh3 Rxa4 26. Kg2 Ne5
27. Rhh1 Qe2 28. Rcf1 Qxe4+ 0-1

[Event "SR 2. liga A 2009/2010"]
[Site "?"]
[Date "2010.01.10"]
[Round "7.2"]
[White "Petenyi, Tamas"]
[Black "Klemanic, Emil"]
[Result "1/2-1/2"]
[WhiteElo "2261"]
[BlackElo "2258"]
[PlyCount "91"]
[EventDate "2009.??.??"]
[WhiteTeam "Slovakia"]
[BlackTeam "II"]
[WhiteTeamCountry "SVK"]
[BlackTeamCountry "SVK"]

1. e4 d6 2. d4 Nf6 3. Nc3 e5 4. Nf3 Nbd7 5. Bc4 Be7 6. O-O O-O 7. Re1 c6 8. a4
Qc7 9. Ba2 b6 10. h3 a6 11. Bg5 Rb8 12. dxe5 dxe5 13. Nh4 Nc5 14. Nf5 Be6 15.
Qf3 Bxa2 16. Rxa2 Ne6 17. Bh4 Rbd8 18. Ne2 Kh8 19. Nxe7 Qxe7 20. Qf5 Nd4 21.
Nxd4 Rxd4 22. c3 Rd2 23. Bg5 Rd3 24. Raa1 h6 25. Bh4 Qd6 26. f4 Re8 27. Bf2 c5
28. fxe5 Rxe5 29. Qc8+ Kh7 30. Qb7 Re7 31. Qxa6 Nxe4 32. Re2 Nxf2 33. Rxf2 Rd1+
34. Rxd1 Qxd1+ 35. Kh2 Qd6+ 36. g3 Re3 37. Rg2 h5 38. Qc4 Kg8 39. h4 Re1 40.
Rf2 Qe7 41. Qd5 Re2 42. Qa8+ Kh7 43. Qf3 Rxf2+ 44. Qxf2 f6 45. Qd2 c4 46. Qd1
1/2-1/2

[Event "SR 2. liga A 2009/2010"]
[Site "?"]
[Date "2010.01.10"]
[Round "7.2"]
[White "Petrik, Stanislav"]
[Black "Janos, Jozef"]
[Result "1-0"]
[WhiteElo "2183"]
[BlackElo "2275"]
[PlyCount "85"]
[EventDate "2009.??.??"]
[WhiteTeam "Slovakia"]
[BlackTeam "II"]
[WhiteTeamCountry "SVK"]
[BlackTeamCountry "SVK"]

1. e4 c5 2. Nf3 e6 3. c4 Nc6 4. Nc3 Nf6 5. d4 cxd4 6. Nxd4 d6 7. Be2 Be7 8. Be3
O-O 9. O-O Bd7 10. Rc1 a6 11. h3 Nxd4 12. Qxd4 Bc6 13. Rfd1 Qb8 14. a4 Nd7 15.
b4 b6 16. f4 Rd8 17. f5 e5 18. Qd2 a5 19. Nd5 Bxd5 20. cxd5 axb4 21. Qxb4 Nc5
22. Bb5 Ra5 23. Bc6 Qa7 24. Rc4 h6 25. g3 Rb8 26. Rb1 Kh7 27. h4 Bd8 28. Kg2
Bc7 29. g4 Bd8 30. g5 Qc7 31. Qd2 Qc8 32. gxh6 g6 33. Rf1 Ra7 34. Bg5 f6 35.
Be3 gxf5 36. exf5 e4 37. Qe2 Be7 38. Qh5 Qg8+ 39. Kh2 Bf8 40. Rg1 Qf7 41. Rg6
Qe7 42. Bd4 b5 43. Rxf6 1-0

[Event "SR 2. liga A 2009/2010"]
[Site "?"]
[Date "2010.01.10"]
[Round "7.2"]
[White "Puchart, Vladimir"]
[Black "Kozinka, Roman"]
[Result "0-1"]
[WhiteElo "2047"]
[BlackElo "2044"]
[PlyCount "60"]
[EventDate "2009.??.??"]
[WhiteTeam "Slovakia"]
[BlackTeam "II"]
[WhiteTeamCountry "SVK"]
[BlackTeamCountry "SVK"]

1. d4 e6 2. c4 f5 3. g3 Nf6 4. Bg2 d5 5. Nf3 c6 6. O-O Nbd7 7. Ng5 Qe7 8. h4 g6
9. b3 b5 10. cxb5 cxb5 11. Nc3 a6 12. Bf4 Bg7 13. Qd2 b4 14. Na4 h6 15. Nh3 Kf7
16. Rac1 a5 17. Rc7 Ne8 18. Rc2 Ba6 19. Rfc1 Ra7 20. Nc5 Bb5 21. Nxd7 Bxd7 22.
Be5 Nd6 23. Nf4 Bxe5 24. dxe5 Nb5 25. h5 gxh5 26. Nxh5 Qg5 27. Nf4 Nc3 28. Qd4
Ra6 29. a3 Nb5 30. Qd3 bxa3 {time} 0-1

[Event "SR 2. liga A 2009/2010"]
[Site "?"]
[Date "2010.01.10"]
[Round "7.3"]
[White "Krajcovic, Branislav"]
[Black "Dugovic, Branislav"]
[Result "0-1"]
[WhiteElo "2064"]
[BlackElo "2149"]
[PlyCount "102"]
[EventDate "2009.??.??"]
[WhiteTeam "Slovakia"]
[BlackTeam "II"]
[WhiteTeamCountry "SVK"]
[BlackTeamCountry "SVK"]

1. e4 d5 2. Nc3 Nf6 3. e5 d4 4. exf6 dxc3 5. bxc3 exf6 6. Nf3 Bd6 7. Be2 O-O 8.
O-O Re8 9. Nd4 c5 10. Nb5 Bf8 11. a4 Nc6 12. d3 a6 13. Na3 Be6 14. Be3 Qc7 15.
Qd2 Bd6 16. f4 Rad8 17. Bf3 Ne7 18. g3 Nf5 19. Bf2 Ne7 20. Rfb1 Nc6 21. Re1 Na5
22. Be3 Bd7 23. c4 Bxa4 24. Nb1 Bc6 25. Bd5 Bxd5 26. cxd5 b6 27. Nc3 Ra8 28.
Qf2 Nb7 29. Ne4 f5 30. Nc3 Be7 31. Rab1 Bf6 32. Na4 Rxe3 33. Rxe3 b5 34. Rbe1
Kf8 35. d6 Qxd6 36. c3 bxa4 37. Qb2 Qd7 38. Qc2 Nd6 39. Kg2 Rb8 40. Rb1 Rxb1
41. Qxb1 Qb7+ 42. Qxb7 Nxb7 43. Re2 Bxc3 44. Ra2 Nd6 45. Rxa4 a5 46. Kf3 Nb5
47. Ke2 Bb4 48. Ra1 a4 49. Kd1 a3 50. Kc2 Bc3 51. Ra2 Bb2 0-1

[Event "SR 2. liga A 2009/2010"]
[Site "?"]
[Date "2010.01.10"]
[Round "7.3"]
[White "Kralovic, Andrej"]
[Black "Peitl, Tomas"]
[Result "0-1"]
[WhiteElo "2156"]
[BlackElo "2175"]
[PlyCount "108"]
[EventDate "2009.??.??"]
[WhiteTeam "Slovakia"]
[BlackTeam "II"]
[WhiteTeamCountry "SVK"]
[BlackTeamCountry "SVK"]

1. e4 c5 2. Nf3 d6 3. Bb5+ Nc6 4. Bxc6+ bxc6 5. O-O Bg4 6. d3 e5 7. Nbd2 Be7 8.
c3 Nf6 9. Qa4 Qc7 10. Re1 O-O 11. d4 cxd4 12. cxd4 Nd7 13. h3 Bh5 14. b3 f6 15.
Ba3 Nb6 16. Qa6 Rae8 17. Rac1 Qd7 18. Qd3 Rd8 19. Qc3 Rf7 20. Red1 Qb7 21. Nc4
Nxc4 22. bxc4 c5 23. dxc5 dxc5 24. Rxd8+ Bxd8 25. Nd2 Bb6 26. Qe3 Rc7 27. Nb3
Qa6 28. Nd2 Rf7 29. Qb3 Rd7 30. Rc2 Rd8 31. Kh2 Be8 32. Qe3 Rd4 33. Bc1 Ba4 34.
Rc3 Ba5 35. Ra3 Bb4 36. Rd3 Bc2 37. Rxd4 cxd4 38. Qg3 Qxa2 39. Qg4 Qa6 40. Qd7
Ba4 41. Qd5+ Kf8 42. Qd8+ Be8 43. Qb8 Bd6 44. Qb1 Qb6 45. Qa2 a5 46. Nb1 Bb4
47. Qc2 Qc6 48. f3 Qa4 49. Qd3 Qa2 50. Na3 a4 51. Nc2 Bc5 52. Qd2 Qxc4 53. Bb2
Qb3 54. Na1 Qb4 0-1

[Event "SR 2. liga A 2009/2010"]
[Site "?"]
[Date "2010.01.10"]
[Round "7.3"]
[White "Liptak, Tomas"]
[Black "Bukovsky, Milan"]
[Result "1/2-1/2"]
[WhiteElo "2036"]
[BlackElo "2017"]
[PlyCount "86"]
[EventDate "2009.??.??"]
[WhiteTeam "Slovakia"]
[BlackTeam "II"]
[WhiteTeamCountry "SVK"]
[BlackTeamCountry "SVK"]

1. d4 d5 2. c4 c6 3. Nc3 Nf6 4. Nf3 g6 5. e3 Bg7 6. Be2 O-O 7. O-O Nbd7 8. b3
Ne4 9. Bb2 Ndf6 10. Nd2 Nxc3 11. Bxc3 Bf5 12. Rc1 Re8 13. f3 Nd7 14. e4 Be6 15.
f4 dxe4 16. Nxe4 Bf5 17. Ng3 Nf6 18. Bf3 Qc7 19. Nxf5 gxf5 20. Qc2 Qxf4 21.
Rce1 Qg5 22. d5 cxd5 23. Bxf6 Bxf6 24. Bxd5 e6 25. Bxb7 Rad8 26. Rd1 Rxd1 27.
Rxd1 e5 28. Rd3 Qf4 29. g3 Qg5 30. Rd7 e4 31. Bd5 Re7 32. Rxe7 Bxe7 33. Kg2 Bc5
34. Qc3 Qg4 35. Qe5 Qf3+ 36. Kh3 Qg4+ 37. Kg2 Qe2+ 38. Kh3 Qh5+ 39. Kg2 Be3 40.
Qe8+ Kg7 41. Qe5+ Kf8 42. Qd6+ Kg7 43. Qe5+ Kf8 1/2-1/2

[Event "SR 2. liga A 2009/2010"]
[Site "?"]
[Date "2010.01.10"]
[Round "7.3"]
[White "Pagerka, Martin"]
[Black "Benovic, Marek"]
[Result "1/2-1/2"]
[WhiteElo "2097"]
[BlackElo "1995"]
[PlyCount "133"]
[EventDate "2009.??.??"]
[WhiteTeam "Slovakia"]
[BlackTeam "II"]
[WhiteTeamCountry "SVK"]
[BlackTeamCountry "SVK"]

1. Nf3 Nf6 2. c4 c6 3. b3 d5 4. e3 Bg4 5. Bb2 e6 6. Qc2 Nbd7 7. d3 Bb4+ 8. Nbd2
O-O 9. h3 Bh5 10. a3 Bd6 11. g4 Bg6 12. Nh4 e5 13. Bg2 Rc8 14. Nxg6 fxg6 15. b4
b6 16. Qb3 Kh8 17. O-O-O Qe7 18. Rhf1 a5 19. Bc3 axb4 20. axb4 Ra8 21. g5 Nh5
22. cxd5 cxd5 23. Bxd5 Rac8 24. Kb1 Qxg5 25. Ne4 Qe7 26. Bc4 Nhf6 27. Ng5 Nd5
28. Bxd5 Qxg5 29. d4 exd4 30. Bxd4 Nf6 31. Be6 Rce8 32. Bxf6 Rxf6 33. Rxd6
Rfxe6 34. Rd4 Qf5+ 35. Qd3 Qxh3 36. Rc1 Qf5 37. Qxf5 gxf5 38. Rc7 Kg8 39. Rdd7
Rg6 40. b5 h5 41. Rd5 Rf8 42. Rc6 Rg1+ 43. Kb2 h4 44. Rc4 Rh1 45. Rdd4 h3 46.
Rh4 Rd8 47. Kc2 h2 48. Rc6 Rdd1 49. Rxh2 Rc1+ 50. Kd2 Rhd1+ 51. Ke2 Rxc6 52.
bxc6 Rc1 53. Rh5 g6 54. Rh4 Rxc6 55. Rd4 Kf7 56. Rd8 Ke6 57. f4 Rd6 58. Rc8 Kd5
59. Kd3 Rc6 60. Re8 Kc5 61. Kc3 b5 62. Re5+ Kb6+ 63. Kb3 Rd6 64. Kb4 Kc6 65.
Rc5+ Kd7 66. Kxb5 Re6 67. Rc3 1/2-1/2

[Event "SR 2. liga A 2009/2010"]
[Site "?"]
[Date "2010.01.10"]
[Round "7.3"]
[White "Varholakova, Niki"]
[Black "Lehocky, Viktor"]
[Result "1-0"]
[WhiteElo "2159"]
[BlackElo "2095"]
[PlyCount "47"]
[EventDate "2009.??.??"]
[WhiteTeam "Slovakia"]
[BlackTeam "II"]
[WhiteTeamCountry "SVK"]
[BlackTeamCountry "SVK"]

1. e4 e6 2. c4 d5 3. exd5 exd5 4. d4 Nf6 5. Nf3 Be7 6. Nc3 O-O 7. cxd5 Nxd5 8.
Bd3 Bg4 9. O-O Bf6 10. h3 Be6 11. Ne4 Nd7 12. Re1 h6 13. Bd2 c6 14. Bb1 Be7 15.
Qc1 Re8 16. Qc2 N5f6 17. Nxf6+ Nxf6 18. Rxe6 fxe6 19. Bxh6 Bf8 20. Bg5 Bd6 21.
Ne5 Qc7 22. Ng4 Qf7 23. Bxf6 Qh5 24. Qe4 1-0

[Event "SR 2. liga A 2009/2010"]
[Site "?"]
[Date "2010.01.10"]
[Round "7.4"]
[White "Krajnak, Robert"]
[Black "Certek, Pavel"]
[Result "0-1"]
[WhiteElo "2096"]
[BlackElo "2245"]
[PlyCount "88"]
[EventDate "2009.??.??"]
[WhiteTeam "Slovakia"]
[BlackTeam "II"]
[WhiteTeamCountry "SVK"]
[BlackTeamCountry "SVK"]

1. c4 Nf6 2. Nf3 g6 3. b3 Bg7 4. Bb2 O-O 5. e3 c5 6. Be2 b6 7. O-O Bb7 8. d3 d5
9. cxd5 Qxd5 10. Nbd2 Nc6 11. a3 Rad8 12. Qc2 Rfe8 13. Rfe1 e5 14. Rad1 h6 15.
Qb1 Qe6 16. Bf1 Nd5 17. Ba1 Qe7 18. g3 Nc7 19. Bg2 Nb5 20. Bb2 Nd6 21. Ba1 Nb8
22. b4 cxb4 23. axb4 Na6 24. d4 exd4 25. Bxd4 Nb5 26. Bxg7 Kxg7 27. Bf1 Nac7
28. Rc1 Qf6 29. Bg2 Re7 30. Rc4 Na3 31. Qa2 Nxc4 32. Qxc4 Ne6 33. h4 Rc7 34.
Qa2 Rcd7 35. e4 Qc3 36. Nf1 Qxb4 37. h5 g5 38. Qa1+ f6 39. Bh3 Re7 40. e5 f5
41. Ne3 Bxf3 42. Nxf5+ Kf8 43. Nxh6 Qxe1+ 44. Qxe1 Rd1 0-1

[Event "SR 2. liga A 2009/2010"]
[Site "?"]
[Date "2010.01.10"]
[Round "7.4"]
[White "Mydlarik, Martin"]
[Black "Hertel, Ondrej"]
[Result "1/2-1/2"]
[WhiteElo "2169"]
[BlackElo "2051"]
[PlyCount "87"]
[EventDate "2009.??.??"]
[WhiteTeam "Slovakia"]
[BlackTeam "II"]
[WhiteTeamCountry "SVK"]
[BlackTeamCountry "SVK"]

1. d4 d5 2. c4 e6 3. Nf3 Nf6 4. g3 c6 5. Qc2 Nbd7 6. Bg2 Be7 7. O-O O-O 8. cxd5
exd5 9. Nc3 Re8 10. Bg5 Ne4 11. Bxe7 Qxe7 12. e3 Ndf6 13. Nxe4 Nxe4 14. Rac1
Bf5 15. Qe2 Bg4 16. Qd3 Qe6 17. Ne5 Bh3 18. Qe2 Bxg2 19. Kxg2 f6 20. Nf3 Qg4
21. Rc2 Re7 22. Re1 Rae8 23. Ng1 Qxe2 24. Nxe2 Nd6 25. Nc1 Nf5 26. Ree2 a6 27.
Red2 Kf7 28. Nd3 Nd6 29. Nc5 Nc4 30. Re2 Nd6 31. Rc1 Nf5 32. Rd2 Nd6 33. Rd3 f5
34. Rb3 Rc8 35. Nd3 Nc4 36. Rbc3 Ke8 37. b3 Nd6 38. R3c2 Ne4 39. a4 Nd6 40. Nb4
Rd8 41. Nd3 Rc8 42. Ne5 g6 43. Nd3 Rec7 44. Nc5 1/2-1/2

[Event "SR 2. liga A 2009/2010"]
[Site "?"]
[Date "2010.01.10"]
[Round "7.4"]
[White "Rachela, Jozef"]
[Black "Hartl, Jan"]
[Result "0-1"]
[WhiteElo "2072"]
[BlackElo "2131"]
[PlyCount "168"]
[EventDate "2009.??.??"]
[WhiteTeam "Slovakia"]
[BlackTeam "II"]
[WhiteTeamCountry "SVK"]
[BlackTeamCountry "SVK"]

1. e4 e5 2. Nf3 Nc6 3. Bb5 a6 4. Ba4 Nf6 5. O-O Be7 6. Re1 b5 7. Bb3 O-O 8. h3
d6 9. c3 Na5 10. Bc2 c5 11. d4 Nd7 12. Nbd2 cxd4 13. cxd4 Nc6 14. d5 Nb4 15.
Bb1 a5 16. Nf1 Kh8 17. Ne3 g6 18. Qb3 Nc5 19. Qc3 Nba6 20. b3 Bd7 21. Bb2 Rc8
22. Qd2 f6 23. Bc2 Nb4 24. Bb1 Nba6 25. Bc2 Nb4 26. Bb1 Nba6 27. Bc2 Ra8 28.
Rac1 Nc7 29. Ng4 Ne8 30. Bb1 Qc8 31. Nfh2 Ng7 32. f4 h5 33. Nf2 Qe8 34. fxe5
fxe5 35. Nf3 Kg8 36. Nd3 Nxd3 37. Qxd3 Bd8 38. Rf1 h4 39. Qd2 Rf4 40. Kh2 Nh5
41. Bd3 g5 42. Ng1 Qf7 43. Rxf4 Qxf4+ 44. Qxf4 Nxf4 45. Bf1 b4 46. Nf3 Kh7 47.
a4 Kh6 48. Rc4 Rc8 49. Nd2 Nh5 50. Bc1 Nf6 51. Bd3 Kg6 52. Rxc8 Bxc8 53. Nc4
Bc7 54. Be3 g4 55. Bb6 g3+ 56. Kg1 Bxb6+ 57. Nxb6 Bb7 58. Nc4 Ba6 59. Nxe5+
dxe5 60. Bxa6 Kg5 61. d6 Kf4 62. Bb7 Ke3 63. Bc6 Kd2 64. d7 Nxd7 65. Bxd7 Ke2
66. Bb5+ Ke1 67. Bc4 Kd2 68. Kf1 Kd1 69. Be6 Kd2 70. Bg4 Kc2 71. Ke2 Kxb3 72.
Kd3 Kxa4 73. Kc4 Ka3 74. Bd1 a4 75. Bc2 b3 76. Bd1 b2 77. Bc2 Ka2 78. Kb4 b1=Q+
79. Bxb1+ Kxb1 80. Kxa4 Kc2 81. Kb4 Kd3 82. Kc5 Kxe4 83. Kc4 Ke3 84. Kc3 e4 0-1

[Event "SR 2. liga A 2009/2010"]
[Site "?"]
[Date "2010.01.10"]
[Round "7.4"]
[White "Sosovicka, Juraj"]
[Black "Bury, Rastislav"]
[Result "1-0"]
[WhiteElo "2066"]
[BlackElo "2066"]
[PlyCount "67"]
[EventDate "2009.??.??"]
[WhiteTeam "Slovakia"]
[BlackTeam "II"]
[WhiteTeamCountry "SVK"]
[BlackTeamCountry "SVK"]

1. e4 c5 2. Nf3 d6 3. d4 cxd4 4. Nxd4 Nf6 5. Nc3 a6 6. Be2 e5 7. Nb3 Be6 8. O-O
Nbd7 9. f4 Bxb3 10. axb3 exf4 11. Bxf4 Ne5 12. Kh1 Be7 13. Qd4 Qc7 14. Bb5+ Kf8
15. Be2 h6 16. Rad1 g5 17. Bg3 Kg7 18. Rf5 Nc6 19. Qf2 Raf8 20. Rxf6 Bxf6 21.
Qxf6+ Kxf6 22. Nd5+ Kg7 23. Nxc7 Rc8 24. Bxd6 Rhd8 25. e5 Nd4 26. Bg4 Ne6 27.
Nxe6+ fxe6 28. c3 Re8 29. g3 b5 30. Bf3 Red8 31. Ra1 b4 32. c4 Rd7 33. Rxa6 Rf7
34. Kg2 1-0

[Event "SR 2. liga A 2009/2010"]
[Site "?"]
[Date "2010.01.10"]
[Round "7.4"]
[White "Stepanovic, Branislav"]
[Black "Polasek, Filip"]
[Result "1/2-1/2"]
[WhiteElo "2001"]
[BlackElo "2072"]
[PlyCount "228"]
[EventDate "2009.??.??"]
[WhiteTeam "Slovakia"]
[BlackTeam "II"]
[WhiteTeamCountry "SVK"]
[BlackTeamCountry "SVK"]

1. e4 e5 2. Nf3 Nc6 3. Bb5 a6 4. Ba4 Nf6 5. O-O Be7 6. Re1 b5 7. Bb3 O-O 8. h3
d6 9. c3 Na5 10. Bc2 c5 11. d4 exd4 12. cxd4 Bb7 13. d5 Nd7 14. a4 b4 15. b3
Bf6 16. Ra2 Ne5 17. Nxe5 Bxe5 18. f4 Bd4+ 19. Be3 Bxe3+ 20. Rxe3 Qb6 21. Kh2 c4
22. Rg3 c3 23. Qg4 g6 24. f5 Qd4 25. f6 Qxf6 26. e5 Qxe5 27. Qxb4 Qxd5 28. Nxc3
Qe5 29. Qb6 Rab8 30. Qe3 Nc6 31. Bd1 Nd4 32. Rd2 Nf5 33. Qxe5 dxe5 34. Rgd3 e4
35. Rd7 e3 36. R2d3 Bc8 37. Rd8 Be6 38. Rxf8+ Kxf8 39. g4 Ne7 40. Rxe3 Bxb3 41.
Be2 Rb4 42. Bxa6 Bxa4 43. Rxe7 Kxe7 44. Nd5+ Ke6 45. Nxb4 h5 46. Bc4+ Kf6 47.
gxh5 gxh5 48. Kg3 h4+ 49. Kxh4 Bd7 50. Nd5+ Ke5 51. Nb6 Bxh3 52. Kxh3 f5 53.
Bf1 f4 54. Kg2 f3+ 55. Kf2 Kd4 56. Nc4 Kd5 57. Ke3 f2 58. Kd3 Kc5 59. Ke4 Kc6
60. Kd4 Kd7 61. Kd5 Ke7 62. Ke5 Kd7 63. Ne3 Kc6 64. Kd4 Kd6 65. Nd5 Ke6 66.
Bh3+ Kd6 67. Ne3 Kc6 68. Bg2+ Kd6 69. Ng4 Ke6 70. Nxf2 Kf5 71. Bh3+ Kf4 72. Ne4
Kf3 73. Bd7 Kf4 74. Nc5 Kf3 75. Nd3 Ke2 76. Bg4+ Kd2 77. Ne5 Kc2 78. Nc4 Kb3
79. Bd1+ Kb4 80. Ne3 Kb5 81. Bf3 Kb6 82. Nc4+ Kc7 83. Bg4 Kc6 84. Bf5 Kb5 85.
Be4 Kb4 86. Ne5 Kb5 87. Nc6 Kb6 88. Kd5 Kb5 89. Bc2 Kb6 90. Kd6 Kb5 91. Bd1 Kc4
92. Be2+ Kc3 93. Kd5 Kd2 94. Nd4 Ke3 95. Bc4 Kf4 96. Ne6+ Ke3 97. Bb5 Kf3 98.
Kd4 Kg4 99. Ke4 Kg3 100. Ng5 Kg4 101. Nf3 Kg3 102. Ke3 Kg4 103. Bd7+ Kh5 104.
Kf4 Kg6 105. Ke5 Kf7 106. Bf5 Ke7 107. Be6 Kd8 108. Kd6 Ke8 109. Nh4 Kf8 110.
Nf5 Ke8 111. Bc4 Kf8 112. Bb3 Ke8 113. Ke6 Kd8 114. Ne7 Kc7 1/2-1/2

[Event "SR 2. liga A 2009/2010"]
[Site "?"]
[Date "2010.01.10"]
[Round "7.5"]
[White "Chovanec, Vladimir"]
[Black "Hricak, Vasil"]
[Result "0-1"]
[WhiteElo "2091"]
[BlackElo "2100"]
[PlyCount "74"]
[EventDate "2009.??.??"]
[WhiteTeam "Slovakia"]
[BlackTeam "II"]
[WhiteTeamCountry "SVK"]
[BlackTeamCountry "SVK"]

1. Nf3 Nc6 2. e4 e5 3. Bb5 d6 4. d4 exd4 5. Nxd4 Bd7 6. Nc3 Nf6 7. O-O a6 8.
Bxc6 bxc6 9. Re1 Be7 10. b3 O-O 11. Bb2 c5 12. Nf3 Bg4 13. h3 Bh5 14. Qd3 Re8
15. Rad1 Bg6 16. Qc4 Qb8 17. Nd5 Nxd5 18. Qxd5 Qb6 19. Nd2 c6 20. Nc4 Qb5 21.
Qd2 Rad8 22. a4 Qb7 23. Qc3 f6 24. Ba3 d5 25. Nd2 Qb6 26. Qe3 Bd6 27. f3 f5 28.
b4 f4 29. Qf2 Be5 30. bxc5 Qa5 31. Nb3 Qxa4 32. Bc1 dxe4 33. fxe4 Rxd1 34. Rxd1
Qxe4 35. c4 Qc2 36. Qf3 Be4 37. Qh5 Qxg2# 0-1

[Event "SR 2. liga A 2009/2010"]
[Site "?"]
[Date "2010.01.10"]
[Round "7.5"]
[White "Fabry, Robert"]
[Black "Jelenciak, Jozef"]
[Result "1-0"]
[WhiteElo "2190"]
[BlackElo "2013"]
[PlyCount "45"]
[EventDate "2009.??.??"]
[WhiteTeam "Slovakia"]
[BlackTeam "II"]
[WhiteTeamCountry "SVK"]
[BlackTeamCountry "SVK"]

1. e4 Nf6 2. e5 Nd5 3. Qf3 Nb6 4. d4 d6 5. exd6 cxd6 6. Bd3 g6 7. Ne2 Bg7 8.
O-O O-O 9. Rd1 Nc6 10. Bb5 d5 11. Bf4 Bf5 12. c3 a6 13. Bxc6 bxc6 14. Nd2 f6
15. g4 Bc8 16. Qg3 Ra7 17. h3 e5 18. dxe5 g5 19. Be3 fxe5 20. Ne4 h6 21. Bc5
Re8 22. Nd6 Re6 23. Bxb6 1-0

[Event "SR 2. liga A 2009/2010"]
[Site "?"]
[Date "2010.01.10"]
[Round "7.5"]
[White "Hecko, Dusan"]
[Black "Manak, Jozef"]
[Result "0-1"]
[WhiteElo "2115"]
[BlackElo "2016"]
[Annotator "Fritz 12 (6s)"]
[PlyCount "102"]
[EventDate "2009.??.??"]
[WhiteTeam "Slovakia"]
[BlackTeam "II"]
[WhiteTeamCountry "SVK"]
[BlackTeamCountry "SVK"]

{D35: Queen's Gambit Declined: Exchange Variation} 1. c4 Nf6 2. Nc3 e6 3. g3 d5
4. cxd5 exd5 5. d4 c6 6. Bg2 Bd6 7. Nf3 O-O 8. O-O Re8 {last book move} 9. a3 (
{Fritz} 9. Qc2 Nbd7 10. Nh4 Nb6 11. b3 Be6 12. a4 Rc8 13. Bd2) 9... Bg4 10. h3
Bf5 11. Re1 (11. Nh4 Be6 $11) 11... Ne4 12. Nh4 Qd7 (12... Bd7 13. Qd3 f5 14.
Be3 $11) 13. Nxf5 $14 Qxf5 14. Nxe4 dxe4 15. Qb3 b6 16. Be3 (16. Bd2 Nd7 $14)
16... Nd7 $11 17. Red1 Nf6 18. Rac1 Rac8 19. g4 (19. Rc4 b5 20. Rc2 a5 $11)
19... Qg6 20. Qa4 Nd5 21. Qxa7 h5 22. Qd7 Nxe3 23. fxe3 $14 hxg4 24. Qxg4 Qh6
25. Rc3 Re6 26. d5 Ree8 $2 (26... Rf8 27. Bxe4 Re5 28. Bg2 $11) 27. h4 (27.
Bxe4 $142 $5 Rcd8 28. Kg2 $16) 27... Be5 $11 28. Rxc6 Rxc6 29. dxc6 Qxc6 30.
Bxe4 Qc7 (30... Qc5 $5 $11) 31. b3 Qe7 32. Bd5 (32. Bc6 $142 $5 Qe6 33. Qxe6
Rxe6 34. Rd8+ Kh7 35. Be4+ g6 36. Bd5 $16) 32... Bf6 $14 33. e4 Bxh4 34. Rf1
Bf6 35. b4 Qe5 36. Rf5 Qd4+ 37. Kg2 Kf8 38. Qh3 (38. Qh5 g6 39. Qh7 Re6 40.
Bxe6 Qxe4+ 41. Kf1 Qxe6 $18) 38... g6 39. Rf1 (39. Qh7 $5 Re6 (39... Re7 40.
Qh6+ Bg7 41. Qxg6 $18) 40. Bxe6 Qxe4+ 41. Kf1 Qxe6 42. Rf3 $18) 39... Re5 $14
40. Rf4 $4 {dáva súperovi silnú protihru} (40. Qc8+ $142 {
bola najlepsia cesta k zachrane} Kg7 41. Qd7 $11) 40... Rg5+ (40... Rxd5 $142
41. Qh6+ Bg7 42. Qxg6 Rd7 $19) 41. Rg4 Rh5 42. Qf3 Qa1 43. e5 Qxe5 44. Rf4 Kg7
45. e4 Qa1 46. Qf1 Rg5+ 47. Kf2 Bd4+ 48. Ke2 Qb2+ 49. Kd3 Qc3+ 50. Ke2 Qe3+ 51.
Kd1 Rg1 0-1

[Event "SR 2. liga A 2009/2010"]
[Site "?"]
[Date "2010.01.10"]
[Round "7.5"]
[White "Janos, Ivan"]
[Black "Merva, Frantisek"]
[Result "1-0"]
[WhiteElo "2133"]
[BlackElo "2053"]
[PlyCount "109"]
[EventDate "2009.??.??"]
[WhiteTeam "Slovakia"]
[BlackTeam "II"]
[WhiteTeamCountry "SVK"]
[BlackTeamCountry "SVK"]

1. e4 e5 2. Nf3 Nc6 3. Bb5 a6 4. Ba4 Nf6 5. O-O Be7 6. Re1 b5 7. Bb3 O-O 8. a4
Rb8 9. axb5 axb5 10. c3 d5 11. exd5 Nxd5 12. Nxe5 Nxe5 13. Rxe5 c6 14. d4 Bd6
15. Re1 Qh4 16. g3 Qh3 17. Be3 Bg4 18. Qd3 Rbe8 19. Nd2 Re6 20. Bxd5 cxd5 21.
Qxb5 Qh5 22. Ra6 Bh3 23. Ra5 Qf5 24. Qxd5 Qc2 25. Nc4 Bf4 26. Ra8 Qg6 27. Ne5
Bxe5 28. Rxf8+ Kxf8 29. dxe5 Re8 30. Qd6+ Kg8 31. Qxg6 hxg6 32. f4 Ra8 33. Kf2
Ra2 34. Bc1 Bg4 35. Ke3 Kf8 36. Kd4 Ke7 37. h4 Kd7 38. c4 Kc6 39. Re3 Ra8 40.
b4 Bf5 41. Ba3 Rd8+ 42. Kc3 Rd1 43. b5+ Kb6 44. Bd6 Be6 45. Kb4 Rb1+ 46. Rb3
Rc1 47. c5+ Kb7 48. Ra3 Rb1+ 49. Ka5 Bc4 50. c6+ Kc8 51. Bb4 Kc7 52. Rc3 Ra1+
53. Ba3 Bf1 54. b6+ Kc8 55. Rb3 1-0

[Event "SR 2. liga A 2009/2010"]
[Site "?"]
[Date "2010.01.10"]
[Round "7.5"]
[White "Mackovic, Miroslav"]
[Black "Krist, Milan"]
[Result "0-1"]
[WhiteElo "1963"]
[BlackElo "2013"]
[PlyCount "130"]
[EventDate "2009.??.??"]
[WhiteTeam "Slovakia"]
[BlackTeam "II"]
[WhiteTeamCountry "SVK"]
[BlackTeamCountry "SVK"]

1. e4 e6 2. d4 d5 3. Nc3 Nf6 4. Bg5 Be7 5. e5 Nfd7 6. Bxe7 Qxe7 7. Nb5 Na6 8.
c3 O-O 9. Na3 Nab8 10. f4 a6 11. Nf3 c5 12. Nc2 Nc6 13. Qd2 b5 14. Be2 Bb7 15.
O-O Nb6 16. b3 b4 17. cxb4 cxb4 18. Bd3 g6 19. g4 f5 20. exf6 Rxf6 21. Ne5 Nxe5
22. dxe5 Rf7 23. Qxb4 Qxb4 24. Nxb4 a5 25. Nc2 Raf8 26. f5 gxf5 27. gxf5 Rg7+
28. Kf2 exf5 29. Nd4 Re8 30. Rae1 Nd7 31. Nf3 f4 32. Bb5 Ree7 33. Bxd7 Rxd7 34.
e6 Rde7 35. Nd4 Rg6 36. Re5 Bc8 37. Rfe1 f3 38. Kxf3 Rf6+ 39. Kg2 Rg7+ 40. Kh1
Kf8 41. Rxd5 Bb7 42. h4 Bxd5+ 43. Kh2 Rf2+ 44. Kh3 Bg2+ 45. Kh2 Rf1 46. e7+ Ke8
47. Ne6 Rxe7 48. Nc7+ Kd7 49. Rxe7+ Kxe7 50. Kxg2 Ra1 51. Nd5+ Ke6 52. Nc3 Rc1
53. Ne2 Rc2 54. Kf3 Rxa2 55. Nd4+ Kd5 56. Nf5 Rb2 57. Kf4 Rxb3 58. Kg5 Rb7 59.
Kh6 a4 60. Ng7 a3 61. Kxh7 a2 62. Kg6 a1=Q 63. Nf5 Qg1+ 64. Kh5 Rh7+ 65. Nh6
Rxh6+ 0-1